Frontiers in Global Women's Health: (Record no. 40907)
[ view plain ]
| 000 -LEADER | |
|---|---|
| fixed length control field | 01172nam a2200289Ii 4500 |
| 008 - FIXED-LENGTH DATA ELEMENTS--GENERAL INFORMATION | |
| fixed length control field | 211104s9999 xx 000 0 und d |
| 022 ## - INTERNATIONAL STANDARD SERIAL NUMBER | |
| International Standard Serial Number | 2673-5059 |
| 041 ## - LANGUAGE CODE | |
| Language code of text/sound track or separate title | eng |
| 245 #0 - TITLE STATEMENT | |
| Title | Frontiers in Global Women's Health: |
| 264 ## - PRODUCTION, PUBLICATION, DISTRIBUTION, MANUFACTURE, AND COPYRIGHT NOTICE | |
| Place of production, publication, distribution, manufacture | Switzerland: |
| Name of producer, publisher, distributor, manufacturer | Frontiers Media S.A. |
| 336 ## - CONTENT TYPE | |
| Source | rdacontent |
| Content type term | text |
| Content type code | txt |
| 337 ## - MEDIA TYPE | |
| Source | rdamedia |
| Media type term | computer |
| Media type code | c |
| 338 ## - CARRIER TYPE | |
| Source | rdacarrier |
| Carrier type term | online resource |
| Carrier type code | cr |
| 540 ## - TERMS GOVERNING USE AND REPRODUCTION NOTE | |
| -- | CC BY |
| Uniform Resource Identifier | <a href="https://www.frontiersin.org/about/policies-and-publication-ethics#OpenAccessCopyright">https://www.frontiersin.org/about/policies-and-publication-ethics#OpenAccessCopyright</a> |
| 540 ## - TERMS GOVERNING USE AND REPRODUCTION NOTE | |
| Uniform Resource Identifier | <a href="https://www.frontiersin.org/about/policies-and-publication-ethics#OpenAccessCopyright">https://www.frontiersin.org/about/policies-and-publication-ethics#OpenAccessCopyright</a> |
| 540 ## - TERMS GOVERNING USE AND REPRODUCTION NOTE | |
| Uniform Resource Identifier | <a href="https://www.frontiersin.org/articles/10.3389/fgwh.2020.580652/full">https://www.frontiersin.org/articles/10.3389/fgwh.2020.580652/full</a> |
| 540 ## - TERMS GOVERNING USE AND REPRODUCTION NOTE | |
| Uniform Resource Identifier | <a href="https://www.frontiersin.org/journals/global-womens-health#about">https://www.frontiersin.org/journals/global-womens-health#about</a> |
| 653 ## - INDEX TERM--UNCONTROLLED | |
| Uncontrolled term | Contraception |
| 653 ## - INDEX TERM--UNCONTROLLED | |
| Uncontrolled term | Life course approach |
| 653 ## - INDEX TERM--UNCONTROLLED | |
| Uncontrolled term | Maternal health |
| 653 ## - INDEX TERM--UNCONTROLLED | |
| Uncontrolled term | Sex differences in disease |
| 653 ## - INDEX TERM--UNCONTROLLED | |
| Uncontrolled term | Women's health and well-being |
| 710 2# - ADDED ENTRY--CORPORATE NAME | |
| Corporate name or jurisdiction name as entry element | The Directory of Open Access Journals |
| 856 ## - ELECTRONIC LOCATION AND ACCESS | |
| Uniform Resource Identifier | <a href="https://doaj.org/toc/5506e39d44d54f68b76ad567bb495484">https://doaj.org/toc/5506e39d44d54f68b76ad567bb495484</a> |
| 856 ## - ELECTRONIC LOCATION AND ACCESS | |
| Uniform Resource Identifier | <a href="https://www.frontiersin.org/journals/global-womens-health#">https://www.frontiersin.org/journals/global-womens-health#</a> |
| 942 ## - ADDED ENTRY ELEMENTS (KOHA) | |
| Koha item type | E-JOURNALS |
| Withdrawn status | Damaged status | Not for loan | Home library | Current library | Date acquired | Total Checkouts | Date last seen | Price effective from | Koha item type |
|---|---|---|---|---|---|---|---|---|---|
| The Directory of Open Access Journals | The Directory of Open Access Journals | 11/04/2021 | 11/04/2021 | 11/04/2021 | E-JOURNALS |